| 000 | 00905cam a22001934a 4500 | ||
|---|---|---|---|
| 005 | 20250605164151.0 | ||
| 008 | 250528s ||||||||||||||||||||||||d | ||
| 035 | _a19371 | ||
| 020 | _a9602863366 | ||
| 040 |
_aGR-AtMCL _bgre _dGR-AtMCL _eAACR2 |
||
| 245 | 1 | _aΣύγχρονο Αγγλοελληνικό και Ελληνοαγγλικό Λεξικό Εμπορικών - Οικονομικών και Τραπεζικών Όρων / Εμπλουτισμένο με Αναγκαίες Πληροφορίες που θα Επιζητήσει κάθε Εμπορικά Συναλλασόμενος | |
| 260 |
_bΈλλην, _c1998 |
||
| 300 | _a448 | ||
| 520 | _aΧρήσιμο εγχειρίδιο για κάθε επιχείρηση Εισαγωγών - Εξαγωγών. | ||
| 700 | 1 |
_aΠαπαϊωάννου Δημοσθένης Μ _95618 |
|
| 942 | _cBK | ||
| 999 |
_c4627 _d4627 |
||